00521nam a2200169Ia 4500020001800000082002000018100002400038245005700062260002900119300001000148440005900158504001900217650004800236650001500284650002500299650002700324 a0-7099-4610-4 a025.00285 MAR-; aMarsterson, William 0aInformation technology and the role of the librarian aLondonbCroom Helmc1986 a194p. aCroom Helm Libraries and Information Technology Series aIncludes index aLibrary science - Technological innovations aLibrarians aInformation services aLibraries - Automation